LEADER 01059nas a2200253 i 4500 001 000000183695 003 CaOOAMICUS 005 20100208000000.0 008 091120b2009 it uu u0 0mul r 013 $a161663 020 $a978-88-10-41518-4 040 $aSeMil$bita 245 10$a2009. 260 $aBologna :$bEDB,$ccopyr. 2009. 300 $a339 p. ;$c24 cm. 500 $aArticoli con sintesi in inglese in testa. - Contiene : Bollettino ; Indice generale degli «Annali di studi religiosi» 1 (2000)-10 (2009). - In Bollettino : Attivitą convegnistica ; Progetti ; Visiting Fellows. 773 0 $tAnnali di Studi Religiosi.$dBologna : EDB, copyr. 2000.$w()12166 774 0 $t[vedi periodico].$w()272068 850 $aSeMil 852 $aSeMil$W1$xVenegono$y1$m240 2 59$j134395$B134395$CSeMilBibl$Z2$F147794 $85 961 $aCambio: Scuola Cattolica 996 $6020$a978-88-10-41518-4$9(OLS)http://semarc/number/173482 996 $6245$a2009$9(OLS)http://semarc/title/254386 996 $6260$aBologna :$bEDB$9(OLS)http://semarc/publisher/29669 LEADER 01057nam a2200217 i 4500 001 000000111603 003 CaOOAMICUS 005 20050721000000.0 008 050721s1925 it u000 u ita u 013 $a84285 040 $aSeMil$bita 100 1 $aAmbrosini, Stanislao : dell'Addolorata [Aronne],$c.$0(OLS)http://semarc/name/45619 245 13$aIl beato Vincenzo Maria Strambi :$bpassionista, Vescovo di Macerata e Tolentino /$cP. Stanislao dell'Addolorata. 260 $aRoma :$bOfficina Tipografica Ausonia,$c1925. 300 $a319 p., [1] ritratto ;$c19 cm. 600 14$aStrambi, Vincenzo Maria .$0(OLS)http://semarc/subject/5830 850 $aSeMil 852 $aSeMil$W1$xVenegono$y1$m3H III 80$j67424$B67424$CSeMilBibl$Z2$F100692 $81 961 $aOmaggio: Biblioteca Parrocchiale di Varenna 996 $6245$aIl beato Vincenzo Maria Strambi :$bpassionista, Vescovo di Macerata e Tolentino$9(OLS)http://semarc/title/162493 996 $6260$aRoma :$bOfficina Tipografica Ausonia$9(OLS)http://semarc/publisher/45001